| 000 | 02471cam a2200397 a 4500 | ||
|---|---|---|---|
| 001 | 17206748 | ||
| 005 | 20250703155539.0 | ||
| 008 | 120312s2013 enk b 001 0 eng | ||
| 010 | _a 2012008956 | ||
| 020 |
_a9780470657034 _qcloth |
||
| 020 |
_a9780470657041 _qpbk. |
||
| 035 | _a17206748 | ||
| 040 |
_aDLC _cDLC _dDLC |
||
| 042 | _apcc | ||
| 043 |
_ae-uk--- _an-us--- _ae-sw--- |
||
| 050 | 0 | 0 |
_aPN3448.D4 _bM435 2013 |
| 082 | 0 | 0 |
_a809.3872 _bMES |
| 100 | 1 |
_aMessent, Peter B. _9129417 |
|
| 245 | 1 | 4 |
_aThe crime fiction handbook / _cPeter Messent. |
| 260 |
_aChichester, West Sussex, UK ; _aMalden, MA : _bWiley-Blackwell, _c2013. |
||
| 300 |
_ax, 262 p. ; _c23 cm. |
||
| 336 |
_atext _btxt _2rdacontent |
||
| 337 |
_aunmediated _bn _2rdamedia |
||
| 338 |
_avolume _bnc _2rdacarrier |
||
| 490 | 0 | _aBlackwell literature handbooks | |
| 504 | _aIncludes bibliographical references (p. [243]-251) and index. | ||
| 505 | 0 | _aThe politics, main forms, and key concerns of crime fiction. The politics of crime fiction; The types of crime fiction; Classical detective fiction; Hard-boiled detective fiction; The police novel; Transgressor fictions; Vision, supervision, and the city; Crime and the body; Gender matters; Representations of race -- Discussions of individual texts. Edgar Allan Poe: "The murders in the Rue Morgue"; Arthur Conan Doyle : The sign of four; Agatha Christie : The murder of Roger Aykroyd; Dashiell Hammett : The Maltese falcon; Raymond Chandler : The big sleep; James M. Cain : Double indemnity; Patricia Highsmith : The talented Mr. Ripley; Chester Himes : Cotton comes to Harlem; Maj Sjöwall and Per Wahlöö : The laughing policeman; James Ellroy : The black dahlia; Thomas Harris : The silence of the lambs; Patricia Cornwell : Unnatural exposure; Ian Rankin : The naming of the dead; Stieg Larsson : The girl with the dragon tattoo. | |
| 650 | 0 |
_aDetective and mystery stories _xHistory and criticism. _9129418 |
|
| 650 | 0 |
_aDetective and mystery stories, English _xHistory and criticism. _9129419 |
|
| 650 | 0 |
_aDetective and mystery stories, American _xHistory and criticism. _9129420 |
|
| 650 | 0 |
_aDetective and mystery stories, Swedish _xHistory and criticism. _9129421 |
|
| 906 |
_a7 _bcbc _corignew _d1 _eecip _f20 _gy-gencatlg |
||
| 942 |
_2ddc _cBK |
||
| 999 |
_c614114 _d614114 |
||